书目信息 |
| 题名: |
田野新考察报告
|
|
| 作者: | 金磊 主编 ;中国文物学会20世纪建筑遗产委员会 编著 | |
| 分册: | 第七卷 中国、新西兰、澳大利亚20世纪建筑遗产考察交流研讨报告 | |
| 出版信息: | 天津 天津大学出版社 2020.08 |
|
| 页数: | 195页 | |
| 开本: | 26cm | |
| 丛书名: | ||
| 单 册: | ||
| 中图分类: | TU-096.12 | |
| 科图分类: | ||
| 主题词: | 古建筑--gu jian zhu--考察报告--新西兰 , 古建筑--gu jian zhu--考察报告--澳大利亚 , 古建筑--gu jian zhu--考察报告--中国 | |
| 电子资源: | ||
| ISBN: | 978-7-5618-6741-9 | |
| 000 | 01354nam 2200301 450 | |
| 001 | 0100029229 | |
| 005 | 20211025120206.0 | |
| 010 | @a978-7-5618-6741-9@dCNY69.00 | |
| 100 | @a20201019d2020 em y0chiy50 ea | |
| 101 | 0 | @achi |
| 102 | @aCN@b120000 | |
| 105 | @aa a 000yy | |
| 106 | @ar | |
| 200 | 1 | @a田野新考察报告@Atian ye xin kao cha bao gao@h第七卷@i中国、新西兰、澳大利亚20世纪建筑遗产考察交流研讨报告@f中国文物学会20世纪建筑遗产委员会编著 |
| 210 | @a天津@c天津大学出版社@d2020.08 | |
| 215 | @a195页@c彩图@d26cm | |
| 314 | @a书内题: 金磊主编 | |
| 320 | @a有书目 | |
| 330 | @a《新田野考察报告》 (第七卷) 除收录此次活动长篇综述报告外, 还收录中方专家的学术交流主旨发言, 内容包括: 新西兰、澳大利亚20世纪建筑遗产考察文化随笔 ; 澳新建筑遗产考察观感等。 | |
| 517 | 1 | @a中国、新西兰、澳大利亚20世纪建筑遗产考察交流研讨报告@Azhong guo 、 xin xi lan 、 ao da li ya 20 shi ji jian zhu yi chan kao cha jiao liu yan tao bao gao |
| 606 | 0 | @a古建筑@Agu jian zhu@x考察报告@y新西兰 |
| 606 | 0 | @a古建筑@Agu jian zhu@x考察报告@y澳大利亚 |
| 606 | 0 | @a古建筑@Agu jian zhu@x考察报告@y中国 |
| 690 | @aTU-096.12@v5 | |
| 701 | 0 | @a金磊@Ajin lei@4主编 |
| 712 | 02 | @a中国文物学会20世纪建筑遗产委员会@Azhong guo wen wu xue hui 20 shi ji jian zhu yi chan wei yuan hui@4编著 |
| 801 | 0 | @aCN@c20210909 |
| 905 | @a河南城建学院图书馆@dTU-096.12@eJ783:7 | |
| 田野新考察报告.第七卷.中国、新西兰、澳大利亚20世纪建筑遗产考察交流研讨报告/中国文物学会20世纪建筑遗产委员会编著.-天津:天津大学出版社,2020.08 |
| 195页:彩图;26cm |
| ISBN 978-7-5618-6741-9:CNY69.00 |
| 《新田野考察报告》 (第七卷) 除收录此次活动长篇综述报告外, 还收录中方专家的学术交流主旨发言, 内容包括: 新西兰、澳大利亚20世纪建筑遗产考察文化随笔 ; 澳新建筑遗产考察观感等。 |
| ● |
| 相关链接 |
|
|
|
正题名:田野新考察报告
索取号:TU-096.12/J783:7
 
预约/预借
| 序号 | 登录号 | 条形码 | 馆藏地/架位号 | 状态 | 备注 |
| 1 | 1547895 | 215478953 | 建筑库101/101建筑库 8排3列5层/ [索取号:TU-096.12/J783:7] | 在馆 | |
| 2 | 1547896 | 215478962 | 建筑库101/101建筑库 8排3列5层/ [索取号:TU-096.12/J783:7] | 在馆 |